000 00280nam a22001337a 4500
008 171101b xxu||||| |||| 00| 0 eng d
020 _a021898619792
041 _aeng
080 _22ND
_a33
100 _a59
101 _aBUS
245 _aBUSINESS
_cPAULSON,E
942 _2udc
_cBK
999 _c37003
_d37003